000 00311nam a22001457a 4500
008 210526b ||||| |||| 00| 0 eng d
020 _a9780072564549
041 _aeng
080 _26th
_a37
082 _a37
100 _a46
101 _aEDU
245 _aLearning to Teach
_cArends,R.I
942 _2udc
_cBK
999 _c57625
_d57625